Uttaraamacarita of mahakavi Bhavabhuti (Record no. 1234168)
[ view plain ]
| 000 -LEADER | |
|---|---|
| fixed length control field | 00612nam a2200217Ia 4500 |
| 005 - DATE AND TIME OF LATEST TRANSACTION | |
| control field | 20241129120303.0 |
| 008 - FIXED-LENGTH DATA ELEMENTS--GENERAL INFORMATION | |
| fixed length control field | 241129s9999||||xx |||||||||||||| ||und|| |
| 020 ## - INTERNATIONAL STANDARD BOOK NUMBER | |
| International Standard Book Number | 9789381484647 |
| 037 ## - SOURCE OF ACQUISITION | |
| Stock number | TB |
| 040 ## - CATALOGING SOURCE | |
| Original cataloging agency | SDCL |
| Language of cataloging | eng |
| Transcribing agency | SDCL |
| 041 ## - LANGUAGE CODE | |
| Language code of text/sound track or separate title | san |
| Source of code | san |
| 084 ## - COLON CLASSIFICATION NUMBER | |
| Classification number | O15,2D70,1 R2-R2;1 |
| Assigning agency | SDCL |
| 100 ## - MAIN ENTRY--PERSONAL NAME | |
| Personal name | Tripathi Ramakanta |
| 245 #0 - TITLE STATEMENT | |
| Title | Uttaraamacarita of mahakavi Bhavabhuti |
| 260 ## - PUBLICATION, DISTRIBUTION, ETC. | |
| Place of publication, distribution, etc. | Varanasi |
| Name of publisher, distributor, etc. | Chaukhamba Surbharati Prakashan India |
| Date of publication, distribution, etc. | 2022 |
| 300 ## - PHYSICAL DESCRIPTION | |
| Extent | 462p. |
| 365 ## - TRADE PRICE | |
| Price type code | INR |
| Price amount | 290 |
| 650 ## - SUBJECT ADDED ENTRY--TOPICAL TERM | |
| Topical term or geographic name entry element | Sanskrit |
| 942 ## - ADDED ENTRY ELEMENTS (KOHA) | |
| Koha item type | Textbook |
| Classification part | O15,2D70,1 R2-R2;1 |
| Withdrawn status | Lost status | Damaged status | Not for loan | Home library | Current library | Date acquired | Source of acquisition | Cost, normal purchase price | Total Checkouts | Full call number | Barcode | Date last seen | Date last checked out | Price effective from | Koha item type |
|---|---|---|---|---|---|---|---|---|---|---|---|---|---|---|---|
| South Campus Library | South Campus Library | 2024-11-29 | Vidyanidhi Prakashan | 290.00 | 3 | O15,2D70,1 R2-R2;1 | SC1808090 | 2025-05-05 | 2025-02-18 | 2024-11-29 | Textbook |
